| 000 | 00947nam a2200229 a 4500 | ||
|---|---|---|---|
| 001 | 000026567 | ||
| 003 | DO-SdBNP | ||
| 005 | 20260302100709.0 | ||
| 008 | 110323s2007 dr ad 001 0 spa d | ||
| 040 |
_aDO-SdBNP _bspa _cBNPHU |
||
| 082 | 4 |
_a303.38 _bA473s _222 |
|
| 100 | 1 |
_aÁlvarez Bogaert, Fernando, _d1941- _96927 |
|
| 245 | 1 | 3 |
_aEl supremo deber : _bun llamado a la conciencia de los intelectuales y académicos dominicanos / _cFernándo Álvarez Bogaert. |
| 260 |
_aSanto Domingo : _bBúho, _c2007. |
||
| 300 |
_a68 p. : _bil., gráfcs. ; _c22 cm. |
||
| 590 | _aInventariado, 2018/BT | ||
| 651 | 4 |
_aRepública Dominicana _xCondiciones económicas _xEnsayos, conferencias, etc. _92598 |
|
| 651 | 4 |
_aRepública Dominicana _xCondiciones sociales _xEnsayos, conferencias, etc. _91166 |
|
| 651 | 4 |
_aRepública Dominicana _xPolítica económica _xEnsayos, conferencias, etc. _91168 |
|
| 910 | _aValidado. Control de calidad. EMS | ||
| 942 |
_2ddc _cLBS1 |
||
| 999 |
_c26059 _d26059 |
||